Management Information Systems: A Contemporary perspective. (Record no. 2387)

MARC details
005 - DATE AND TIME OF LATEST TRANSACTION
control field 20250516103645.0
020 ## - INTERNATIONAL STANDARD BOOK NUMBER
International Standard Book Number 0-02-368100-4
082 ## - DEWEY DECIMAL CLASSIFICATION NUMBER
Classification number 658.403 LAU
100 ## - MAIN ENTRY--PERSONAL NAME
Author name LAUDON, K. C.
245 ## - TITLE STATEMENT
Title Management Information Systems: A Contemporary perspective.
260 ## - PUBLICATION, DISTRIBUTION, ETC.
Place of publication, distribution, etc. New York,
Name of publisher, distributor, etc. Macmillan publishing company,
Date of publication, distribution, etc. 1988.
300 ## - PHYSICAL DESCRIPTION
Extent xiv, 749p.: Ill.;figures & table
Other physical details Glossary & Index
Dimensions 25cm.
700 ## - ADDED ENTRY--PERSONAL NAME
Other authors/Editors LAUDON, J. P.
942 ## - ADDED ENTRY ELEMENTS (KOHA)
Source of classification or shelving scheme Dewey Decimal Classification
Koha item type Books
Holdings
Date last seen Total checkouts Full call number Barcode Cost, replacement price Price effective from Koha item type Lost status Source of classification or shelving scheme Damaged status Not for loan Withdrawn status Home library Current library Shelving location Date acquired Cost, normal purchase price
05/16/2025   658.403 LAU 0000008971 30000.00 05/16/2025 Books   Dewey Decimal Classification       College of Business Education Main Library College of Business Education Main Library General Collection 01/03/1995 10000.00